000 03864nam a2200349 a 4500
003 OSt
005 20250903062751.0
007 cr ||||||a|c|a
008 250121s2021 |||a|||fom||| 001 0 spa d
040 _erda
100 1 _aJiménez Rosales, Juan Daniel
_9125885
245 1 _aTasa de consumo en vacas y rendimiento de avena negra a diferentes alturas de pastura e intensidades de cosecha /
_cpor Juan Daniel Jiménez Rosales; director de tesis Ricardo Daniel Améndola Massiotti; asesor externo Edmundo García Moya, Juan Andrés Burgueño Ferreira y Luis Alberto Miranda Romero; lector externo Epigmenio Castillo Gallegos.
264 1 _aChapingo, México :
_bEl autor,
_c2021.
300 _a1 recurso en línea (110 páginas):
_bcuadros, figuras.
336 _2rdacontent
_atexto
_btxt
337 _2rdamedia
_acomputadora
_bc
338 _2rdacarrier
_arecurso en línea
_bcr
502 _bDCIG
_cZootecnía
_d2021.
_gDOC
504 _aIncluye referencias bibliográficas: páginas 4-5, 24-30, 49-52, 70-73, 92-96.
520 _aPara contrarrestar la disminución de la oferta de forraje de pasturas perennes durante el invierno, es necesario el establecimiento de pasturas anuales y avena negra (Avena strigosa Schreb) es una opción. Pero, características de la pastura como su altura se asocian con la ingesta de forraje, factor clave en los sistemas pastoriles. Un objetivo fue evaluar el efecto de alturas de pastura (40, 50, 60 y 70 cm) en la tasa de consumo de forraje y los movimientos mandibulares de vacas. Además del consumo, otro componente de los sistemas pastoriles es el rendimiento y la composición del forraje. La frecuencia e intensidad de defoliación son criterios de cosecha que afectan dichas variables. En consecuencia, otro objetivo fue evaluar el rendimiento, la composición morfológica y química de avena negra y su asociación con veza (Vicia villosa Roth) bajo frecuencias (alturas de pastura, 40, 50, 60 y 70 cm) e intensidades de cosecha (alturas de forraje residual, 8, 14 y 20 cm). La tasa de consumo fue mayor (p<0.05) en pasturas de 70 cm (92.9 g ms min-1) que en las de 40, 50 y 60 cm (promedios de 70.4 g ms min-1). La tasa de movimientos mandibulares de bocados fue mayor (p<0.05) en alturas de 40 y 50 cm (promedio de 41.5 bocados min-1) que en 60 y 70 cm (promedio de 35.8 bocados min-1). En contraste la tasa de movimientos mandibulares de masticación fue mayor (p<0.05) en 70 cm (30.1 masticaciones min-1) que, en 40, 50 y 60 cm (promedio de 24.4 masticaciones min-1). El rendimiento de forraje aumentó (p=0.007, 35 kg ms cm-1, R2 = 0.91) de forma lineal, la lámina foliar disminuyó (p=0.001,-33 kg ms cm-1, R2 = 0.99) y el de pseudotallo más tallo también aumentó (p=0.001, 46 kg ms cm-1, R2 = 0.98,) con el incremento de la altura. El rendimiento de forraje y la proteína cruda fueron 17 % y 19 % superiores (p<0.05) en monocultivo que en asociación (6743 vs. 5754 kg ms ha-1, 19.2 vs. 16.2 %). Con base en los experimentos de corte en avena negra hubo una relación opuesta entre la cantidad (aumentó) y la calidad del forraje (disminuyó) con el incremento de la altura de la pastura.
650 4 _aAvena strigosa
_xValor nutritivo
_9188700
650 4 _aAvena strigosa
_xRendimiento
_9188701
650 4 _aVacas lecheras en pastoreo
_9146636
650 7 _aForrajes
_xDigestibilidad
_2
_942568
700 1 _aAméndola Massiotti, Ricardo Daniel
_9162276
_eDirector de tesis.
700 1 _aGarcía Moya, Edmundo
_946345
_eAsesor externo.
700 1 _aBurgueño Ferreira, Juan A
_916182
_eAsesor externo.
700 1 _aMiranda Romero, Luis Alberto
_976103
_eAsesor externo.
700 1 _aCastillo Gallegos, Epigmeo
_920128
_eLector externo.
856 _uhttp://10.13.5.2/tesis/td/2021_ZO_Jimenez_Rosales_JuanDaniel.pdf
_zDESCARGAR PDF
942 _2Clasificación Universidad Autónoma Chapingo
_cTD
999 _c220348
_d220348